| 000 | 00681nam a2200205 a 4500 | ||
|---|---|---|---|
| 001 | 000010609 | ||
| 005 | 20240412074220.0 | ||
| 008 | 091008s1995 dr a 000 p spa d | ||
| 040 |
_aDO-SdBNP _bspa _cBNPHU |
||
| 082 |
_aRD861.44 _bP197s |
||
| 100 | 1 |
_aPantaleón, Adalgisa _925687 |
|
| 245 | 1 | 0 |
_aMi silencio roto / _cAdalgisa Pantaleón ; edición Graciela Azcárate. |
| 260 |
_aSanto Domingo : _bCenterario, _c1995. |
||
| 300 |
_a76 p. ; _c22 cm. _bil. |
||
| 500 | _aIncluye datos biográficos del autor en la solapa de la cubierta | ||
| 650 | 0 |
_aPoesía dominicana _966 |
|
| 650 | 0 |
_aLiteratura dominicana. _967 |
|
| 700 | 1 |
_aAzcárete, Graciela, _eed. _925688 |
|
| 049 | _aBNPD | ||
| 999 |
_c10367 _d10367 |
||